000
00330 a2200169 4500
001
190892
020
_a
85-00-51376-3
040
_c
Magnum
100
_a
Dias, Gonçalves
240
1
0
_a
Poemas
_l
por
245
1
0
_a
Poemas
300
_a
188
362
0
_a
1997
440
1
_a
Ediouro
697
_a
LITERATURA GERAL
942
_c
BK
999
_c
190892
_d
190892